000 00316nam a2200133Ia 4500
005 20260328101522.0
008 260328s9999||||xx |||||||||||||| ||und||
100 _aSchleifer, Simone
245 0 _aGreen Style /
_cSimone Schleifer
260 _bBooQs
300 _a619 p.
650 _aDISEÑO INDUSTRIAL
942 _cBK
999 _c9634
_d9634